TMNT 2012 Intro Song - Statistics

General Stats
  • This quiz has been taken 361 times
  • The average score is 19 of 22
Answer Stats
Hint Answer % Correct
Teenage Mutant Ninja _____ (x3) Turtles
100%
Teenage Mutant Ninja _______ (x3) Turtles
100%
Turtle _____! Power
98%
Turtle _____! Power
98%
Here we go, it’s the lean green _____ team ninja
95%
The good guys win and the bad guys _____ lose
94%
________’s the leader in blue Leonardo
93%
_________ is the fellow, has a way with machines Donatello
91%
_____ in a half-shell Heroes
91%
____________, he’s one of a kind Michelangelo
90%
_______’s got the most attitude on the team Raphael
90%
______ ________ taught them every single skill they need to be Master Splinter
89%
Heroes in a ____-_____ half shell
87%
The secret of the ______ made the chosen few ooze
83%
And you know just where to find him when it’s _____ time party
83%
Get rocked with the shell-shocked ______ kings pizza
83%
Can’t stop these ________ dudes radical
83%
Does ________ it takes to get his ninjas through anything
82%
Emerge from the _______ to make their move shadows
81%
So extreme, out the sewer like _____ beams laser
79%
On the _____, cool teens doing ninja things scene
70%
One lean, mean, green, __________ team incredible
64%
No matching quizzes found
Score Distribution
Percent of People with Each Score
Percentile by Number Answered
Your Score History
You have not taken this quiz